Statistics for R6 Siege Operation Neon Dawn Ultimate Quiz

Click here to take the quiz!

General Stats

  • This quiz has been taken 28 times
    (27 since last reset)
  • The average score is 48 of 174

Answer Stats

HintAnswer% Correct
SAS OperatorMute
95%
SAS OperatorSledge
89%
SAS OperatorSmoke
89%
SAS OperatorThatcher
84%
FBI SWAT OperatorAsh
79%
GIGN OperatorDoc
79%
FBI SWAT OperatorPulse
74%
GIGN OperatorRook
74%
FBI SWAT OperatorThermite
74%
GIGN OperatorTwitch
74%
FBI SWAT OperatorCastle
68%
Spetsnaz OperatorFuze
63%
How many operators are there? (Excluding Recruit)60
58%
GSG 9 OperatorBandit
58%
Navy Seal OperatorBlackbeard
58%
Spetsnaz OperatorGlaz
58%
GSG 9 OperatorIQ
58%
GSG 9 OperatorJager
58%
Spetsnaz OperatorKapkan
58%
CBRN Threat Unit OperatorLion
58%
GIGN OperatorMontagne
58%
GSG 9 OperatorBlitz
53%
JTF2 OperatorBuck
53%
SAT OperatorEcho
53%
GROM OperatorEla
53%
JTF2 OperatorFrost
53%
GEO OperatorJackal
53%
Nighthaven OperatorKali
53%
GEO OperatorMira
53%
Spetsnaz OperatorTachanka
53%
GROM OperatorZofia
53%
Nighthaven OperatorAce
47%
CBRN Threat Unit OperatorFinka
47%
SAT OperatorHibana
47%
Jaeger Corps OperatorNokk
47%
UnaffiliatedRecruit
47%
Navy Seal OperatorValkyrie
47%
707th SMB OperatorVigil
47%
ROS OperatorZero
47%
Nighthaven OperatorAruni
42%
BOPE OperatorCapitao
42%
BOPE OperatorCaveira
42%
707th SMB OperatorDokkaebi
42%
GIGR OperatorKaid
42%
SDU OperatorLesion
42%
ITF OperatorMelusi
42%
SASR OperatorMozzie
42%
GIGR OperatorNomad
42%
Nighthaven OperatorWamai
42%
Secret Service OperatorWarden
42%
GIS OperatorAlibi
37%
FES OperatorAmaru
37%
SAS GadgetEMP Grenade
37%
SASR OperatorGridlock
37%
REU OperatorIana
37%
GIS OperatorMaestro
37%
SDU OperatorYing
37%
MapBorder
32%
MapChalet
32%
MapHouse
32%
The Unit OperatorMaverick
32%
GIGN GadgetShock Drone
32%
MapSkyscraper
32%
MapYacht
32%
How many operations have there been?20
26%
Y1S1Black Ice
26%
SAS GadgetBreaching Hammer
26%
FBI SWAT GadgetBreaching Round
26%
FBI SWAT GadgetCardiac Sensor
26%
MapClub House
26%
MapCoastline
26%
MapFavela
26%
Attacker GadgetFrag Grenade
26%
FES OperatorGoyo
26%
Y5S4Neon Dawn
26%
MapOregon
26%
Unaffiliated OperatorOryx
26%
GIGN GadgetStim Pistol
26%
MapTheme Park
26%
JTF2 GadgetWelcome Mat
26%
Y2S4White Noise
26%
MapBank
21%
GEO GadgetBlack Mirror
21%
MPS OperatorClash
21%
Spetsnaz GadgetCluster Charge
21%
MapConsulate
21%
Spetsnaz GadgetEntry Denial Device
21%
GIS GadgetEvil Eye
21%
FBI SWAT GadgetExothermic Charge
21%
SAS GadgetGas Canister
21%
MapHereford Base
21%
MapKanal
21%
Defender GadgetNitro Cell
21%
SAS GadgetSignal Disruptor
21%
BOPE GadgetSilent Step
21%
MapVilla
21%
GSG 9 GadgetActive Defense System
16%
Defender GadgetBarbed Wire
16%
Y2S3Blood Orchid
16%
Attacker GadgetBreach Charge
16%
Defender GadgetBulletproof Camera
16%
Y4S1Burnt Horizon
16%
SDU GadgetCandela
16%
Attacker GadgetClaymore
16%
Defender GadgetDeployable Shield
16%
707th SMB GadgetERC-7
16%
GSG 9 GadgetFlash Shield
16%
MapFortress
16%
Attacker GadgetHard Breach Charge
16%
Y2S2Health
16%
MapKafe Dostoyevsky
16%
MapOutback
16%
MapPresidential Plane
16%
Defender GadgetProximity Alarm
16%
Y5S3Shadow Legacy
16%
Spetsnaz GadgetShumika Launcher
16%
JTF2 GadgetSkeleton Key
16%
Attacker GadgetSmoke Grenade
16%
Y5S2Steel Wave
16%
Attacker GadgetStun Grenade
16%
MapTower
16%
Y2S1Velvet Shell
16%
GIGR GadgetAirjab Launcher
11%
GIGN GadgetArmor Plates
11%
Map(Custom Games ONLY)Bartlett U.
11%
Y3S1Chimera
11%
Y1S2Dust Line
11%
CBRN Threat Unit GadgetEE-ONE-D
11%
Y4S3Ember Rise
11%
GIGN GadgetExtendable Shield
11%
Y3S3Grim Sky
11%
SDU GadgetGu Mines
11%
Defender GadgetImpact Grenades
11%
707th SMB GadgetLogic Bomb
11%
Nighthaven GadgetMag-NET System
11%
Y3S2Para Bellum
11%
SASR GadgetPest Launcher
11%
Y4S2Phantom Sight
11%
GIS GadgetPrisma
11%
Y1S4Red Crow
11%
Unaffilliated GadgetRemah Dash
11%
GSG 9 GadgetShock Wire
11%
Y1S3Skull Rain
11%
SASR GadgetTrax Stingers
11%
Y3S4Wind Bastion
11%
SAT GadgetX-KAIROS Launcher
11%
ROS GadgetArgus Launcher
5%
Navy Seal GadgetBlack Eyes
5%
The Unit GadgetBreaching Torch
5%
MPS GadgetCCE Shield
5%
Nighthaven GadgetExplosive Lance
5%
Spetsnaz GadgetFlip Sight
5%
FES GadgetGarra Hook
5%
REU GadgetGemini Replicator
5%
GROM GadgetGRZMOT Mines
5%
707th SMB GadgetHack
5%
BOPE GadgetInterrogation
5%
GROM GadgetKS79 Lifeline
5%
Navy Seal GadgetRifle Shield
5%
Y4S4Shifting Tides
5%
BOPE GadgetTactical Crossbow
5%
Y5S1Void Edge
5%
SAT GadgetYokai
5%
CBRN Threat Unit GadgetAdrenaline Surge
0%
FBI SWAT GadgetArmor Panels
0%
ITF GadgetBanshee Sonic Defense
0%
GSG 9 GadgetElectronic Sensor
0%
GEO GadgetEyenox Model III
0%
Secret Service GadgetGLANCE SmartGlasses
0%
Jaeger Corps GadgetHEL Presence Reduction
0%
Nighthaven GadgetLaser Gate
0%
GIGR GadgetRtila Electroclaw
0%
Nighthaven GadgetSELMA Sequential Breach
0%
FES GadgetVolcan Shield
0%

Score Distribution

Percentile by Number Answered

Percent of People with Each Score

Your Score History

You have not taken this quiz since the last reset